[Event "Titled Tuesday intern op 20th Jun Early"]
[Site "Chess.com INT"]
[Date "2023.06.20"]
[Round "1"]
[White "Bruedigam, Martin"]
[Black "Galchenko, Matvey"]
[Result "0-1"]
[WhiteElo "2379"]
[BlackElo "2438"]
[PlyCount "68"]
[EventDate "2023.06.20"]
[EventType "swiss (blitz)"]
[EventRounds "11"]
[EventCountry "USA"]
[SourceTitle "EXT 2024"]
[Source "ChessBase"]
[SourceDate "2023.10.10"]
[SourceVersion "1"]
[SourceVersionDate "2023.10.10"]
[SourceQuality "1"]

1. d4 Nf6 2. c4 c5 3. Nf3 cxd4 4. Nxd4 e5 5. Nf3 Nc6 6. Nc3 Bb4 7. Bd2 0-0 8. e3 Re8 9. Be2 Bxc3 10. Bxc3 d5 11. 0-0 d4 12. exd4 exd4 13. Nxd4 Nxd4 14. Bxd4 Rxe2 15. Qxe2 Qxd4 16. Rad1 Qb6 17. c5 Qc7 18. b4 Bg4 19. f3 Be6 20. a3 a5 21. Qf2 axb4 22. axb4 Nd5 23. Rd4 h5 24. Rfd1 Nf4 25. Kh1 Bb3 26. Re1 Ne6 27. Rd3 Bc4 28. Rc3 Bd5 29. Rd1 Ra2 30. Rc2 Rxc2 31. Qxc2 Qe5 32. Qd2 Bc6 33. Re1 Qf5 34. Qd4 Nxd4 0-1

[Event "Titled Tuesday intern op 20th Jun Late"]
[Site "Chess.com INT"]
[Date "2023.06.20"]
[Round "5"]
[White "Bruedigam, Martin"]
[Black "Melikhov, Evgeny V"]
[Result "1-0"]
[WhiteElo "2379"]
[BlackElo "2271"]
[PlyCount "119"]
[EventDate "2023.06.20"]
[EventType "swiss (blitz)"]
[EventRounds "11"]
[EventCountry "USA"]
[SourceTitle "EXT 2024"]
[Source "ChessBase"]
[SourceDate "2023.10.10"]
[SourceVersion "1"]
[SourceVersionDate "2023.10.10"]
[SourceQuality "1"]

1. d4 Nf6 2. c4 e6 3. Nc3 Bb4 4. Bd2 0-0 5. e3 d5 6. Nf3 Nc6 7. Rc1 dxc4 8. Bxc4 Bd6 9. Nb5 e5 10. Nxd6 cxd6 11. dxe5 dxe5 12. Bc3 Qxd1+ 13. Rxd1 Bg4 14. h3 Bxf3 15. gxf3 Rfd8 16. Ke2 a6 17. a3 Kf8 18. Rhg1 Rxd1 19. Rxd1 Ke7 20. Rg1 g6 21. Rc1 Rd8 22. Bd3 Nd5 23. Be1 Rd6 24. Bb1 f5 25. Rc5 Nc7 26. Ba2 Ne6 27. Rc1 Kf6 28. Bc3 Nc7 29. f4 Nb5 30. fxe5+ Nxe5 31. Bb4 Rc6 32. Rxc6+ Nxc6 33. Bc5 g5 34. Bd5 h5 35. f3 h4 36. Bb6 Nd6 37. Bc7 Ke5 38. Ba2 f4 39. Kd3 Ne7 40. exf4+ gxf4 41. Bxd6+ Kxd6 42. Ke4 b5 43. Kxf4 a5 44. Kg4 Ng6 45. f4 b4 46. axb4 axb4 47. Kg5 Ne7 48. Kxh4 Nf5+ 49. Kg5 Nd4 50. h4 b3 51. Bb1 Nf3+ 52. Kg6 Nxh4+ 53. Kf6 Kd5 54. f5 Kd4 55. Kg5 Nxf5 56. Kxf5 Ke3 57. Ke5 Kd2 58. Kd4 Kc1 59. Kc3 Kxb1 60. Kxb3 1-0

[Event "Titled Tuesday intern op 20th Jun Early"]
[Site "Chess.com INT"]
[Date "2023.06.20"]
[Round "6"]
[White "Bruedigam, Martin"]
[Black "Rastbod, Ali"]
[Result "1-0"]
[WhiteElo "2379"]
[BlackElo "2274"]
[PlyCount "37"]
[EventDate "2023.06.20"]
[EventType "swiss (blitz)"]
[EventRounds "11"]
[EventCountry "USA"]
[SourceTitle "EXT 2024"]
[Source "ChessBase"]
[SourceDate "2023.10.10"]
[SourceVersion "1"]
[SourceVersionDate "2023.10.10"]
[SourceQuality "1"]

1. d4 d5 2. c4 e6 3. Nc3 a6 4. cxd5 exd5 5. Nf3 c6 6. e4 dxe4 7. Ng5 Be7 8. Bc4 Bxg5 9. Qh5 g6 10. Qxg5 Qxg5 11. Bxg5 f5 12. f3 exf3 13. 0-0 fxg2 14. Rfe1+ Kf8 15. d5 h6 16. Bf4 Rh7 17. Bd6+ Kf7 18. dxc6+ Kf6 19. Bxg8 1-0

[Event "Titled Tuesday intern op 20th Jun Early"]
[Site "Chess.com INT"]
[Date "2023.06.20"]
[Round "4"]
[White "Bruedigam, Martin"]
[Black "Vakhlamov, Igor L"]
[Result "0-1"]
[WhiteElo "2379"]
[BlackElo "2413"]
[PlyCount "52"]
[EventDate "2023.06.20"]
[EventType "swiss (blitz)"]
[EventRounds "11"]
[EventCountry "USA"]
[SourceTitle "EXT 2024"]
[Source "ChessBase"]
[SourceDate "2023.10.10"]
[SourceVersion "1"]
[SourceVersionDate "2023.10.10"]
[SourceQuality "1"]

1. d4 d5 2. c4 e6 3. Nc3 c5 4. e3 Nf6 5. Nf3 Nc6 6. a3 Ne4 7. cxd5 exd5 8. Bd3 Nxc3 9. bxc3 Bd6 10. 0-0 0-0 11. dxc5 Bxc5 12. c4 dxc4 13. Bxc4 Qf6 14. Rb1 Rd8 15. Qe2 Bg4 16. Bb2 Qg6 17. Rbc1 Bd6 18. Kh1 Qh5 19. h3 Re8 20. Rfd1 Rad8 21. Rd5 Be5 22. Rxd8 Rxd8 23. Bxf7+ Kxf7 24. Qc4+ Be6 25. Nxe5+ Qxe5 26. Bxe5 Bxc4 0-1

[Event "Titled Tuesday intern op 20th Jun Early"]
[Site "Chess.com INT"]
[Date "2023.06.20"]
[Round "9"]
[White "Druska, Juraj"]
[Black "Bruedigam, Martin"]
[Result "1/2-1/2"]
[WhiteElo "2473"]
[BlackElo "2379"]
[PlyCount "130"]
[EventDate "2023.06.20"]
[EventType "swiss (blitz)"]
[EventRounds "11"]
[EventCountry "USA"]
[SourceTitle "EXT 2024"]
[Source "ChessBase"]
[SourceDate "2023.10.10"]
[SourceVersion "1"]
[SourceVersionDate "2023.10.10"]
[SourceQuality "1"]

1. c4 e5 2. Nc3 Bb4 3. Nd5 Be7 4. g3 Nf6 5. Nxe7 Qxe7 6. Bg2 0-0 7. Nf3 c6 8. 0-0 d5 9. d3 h6 10. b3 Bg4 11. h3 Bh5 12. Bb2 d4 13. a4 a5 14. Nd2 c5 15. g4 Bg6 16. f3 Ra6 17. Ne4 Nc6 18. Bc1 Rb6 19. Bd2 Nd7 20. Rb1 f6 21. Qe1 Ra6 22. Qg3 Bxe4 23. fxe4 g5 24. h4 Kg7 25. Kf2 Nd8 26. Rh1 Ne6 27. Rh2 Rh8 28. Rbh1 Nf4 29. hxg5 fxg5 30. Rb1 b6 31. Rbh1 Raa8 32. Ke1 Raf8 33. Kd1 Rf6 34. Kc2 Nf8 35. Bf3 N8g6 36. Bc1 Nh4 37. Rxh4 gxh4 38. Rxh4 Rg6 39. Qh2 Qf6 40. Bd2 Rf8 41. Be1 Ne6 42. Bg3 Nf4 43. Qh1 Kf7 44. Rh2 Ke8 45. Bh4 Qg7 46. Be1 Kd7 47. Rh4 Kc7 48. Rh2 Kb7 49. Qf1 Ka6 50. Qf2 Rgf6 51. Qh4 Ne6 52. Bd2 Ng5 53. Rf2 Nxf3 54. Rxf3 Rxf3 55. Bxh6 Qh8 56. exf3 Rxf3 57. g5 Qh7 58. Qg4 Qf7 59. Qc8+ Ka7 60. g6 Rf2+ 61. Bd2 Qxg6 62. Qc7+ Ka6 63. Qc8+ Ka7 64. Qc7+ Ka6 65. Qc8+ Ka7 1/2-1/2

[Event "Titled Tuesday intern op 20th Jun Early"]
[Site "Chess.com INT"]
[Date "2023.06.20"]
[Round "3"]
[White "Kim, Yoon Young"]
[Black "Bruedigam, Martin"]
[Result "1/2-1/2"]
[WhiteElo "2304"]
[BlackElo "2379"]
[PlyCount "112"]
[EventDate "2023.06.20"]
[EventType "swiss (blitz)"]
[EventRounds "11"]
[EventCountry "USA"]
[SourceTitle "EXT 2024"]
[Source "ChessBase"]
[SourceDate "2023.10.10"]
[SourceVersion "1"]
[SourceVersionDate "2023.10.10"]
[SourceQuality "1"]

1. c4 e5 2. Nc3 Bb4 3. e3 Bxc3 4. dxc3 d6 5. Ne2 Nf6 6. Ng3 h6 7. Be2 Be6 8. 0-0 Nbd7 9. f4 Nb6 10. b3 Qe7 11. e4 exf4 12. Bxf4 Nbd7 13. Qd4 0-0 14. Rae1 Ng4 15. Nf5 Bxf5 16. exf5 Nge5 17. Bg3 a6 18. Bh4 Nf6 19. Bd1 Rfe8 20. Re3 Qf8 21. Bxf6 gxf6 22. Qf4 Kh7 23. Rg3 Nc6 24. Bf3 Re5 25. h3 Rae8 26. Kh2 Re1 27. Rxe1 Rxe1 28. Bh5 Re5 29. b4 Ne7 30. Bg4 a5 31. Bf3 b6 32. Be4 c6 33. a3 d5 34. cxd5 Nxd5 35. Qh4 Qd6 36. Qg4 Qf8 37. c4 Ne7 38. Qh4 Ng8 39. Qg4 axb4 40. axb4 c5 41. b5 Ne7 42. Qh4 Ng8 43. Bd5 Kh8 44. Qh5 Re7 45. Rg4 Kh7 46. Rg3 Kh8 47. Qg4 Kh7 48. Qf4 Re5 49. Qf3 Ne7 50. Be4 Qb8 51. Qg4 Qf8 52. Kh1 Ng8 53. Qh4 Re7 54. Bd5 Re5 55. Qh5 Re7 56. Kh2 Kh8 1/2-1/2

[Event "Titled Tuesday intern op 20th Jun Late"]
[Site "Chess.com INT"]
[Date "2023.06.20"]
[Round "8"]
[White "Kujawski, Adam"]
[Black "Bruedigam, Martin"]
[Result "1-0"]
[WhiteElo "2173"]
[BlackElo "2379"]
[PlyCount "63"]
[EventDate "2023.06.20"]
[EventType "swiss (blitz)"]
[EventRounds "11"]
[EventCountry "USA"]
[SourceTitle "EXT 2024"]
[Source "ChessBase"]
[SourceDate "2023.10.10"]
[SourceVersion "1"]
[SourceVersionDate "2023.10.10"]
[SourceQuality "1"]

1. e4 c6 2. d4 d5 3. f3 e6 4. Nc3 b6 5. Be3 Ba6 6. Nh3 Bxf1 7. Rxf1 Nd7 8. Qd2 Qc7 9. Nf4 Ne7 10. 0-0-0 Ng6 11. Rfe1 Nxf4 12. Bxf4 Qb7 13. exd5 cxd5 14. Nb5 Rc8 15. Nd6+ Bxd6 16. Bxd6 Qc6 17. Ba3 f6 18. Rxe6+ Qxe6 19. Re1 Rc6 20. Rxe6+ Rxe6 21. Qf4 Kd8 22. Qf5 Rhe8 23. b3 Nb8 24. Qxd5+ Kc7 25. Qc4+ Kb7 26. d5 Re1+ 27. Kb2 Rc8 28. Qd3 Na6 29. d6 Nc5 30. Qd5+ Ka6 31. d7 Rd8 32. Bxc5 1-0

[Event "Titled Tuesday intern op 20th Jun Late"]
[Site "Chess.com INT"]
[Date "2023.06.20"]
[Round "7"]
[White "Omariev, Maksim"]
[Black "Bruedigam, Martin"]
[Result "1-0"]
[WhiteElo "2304"]
[BlackElo "2379"]
[PlyCount "197"]
[EventDate "2023.06.20"]
[EventType "swiss (blitz)"]
[EventRounds "11"]
[EventCountry "USA"]
[SourceTitle "EXT 2024"]
[Source "ChessBase"]
[SourceDate "2023.10.10"]
[SourceVersion "1"]
[SourceVersionDate "2023.10.10"]
[SourceQuality "1"]

1. e4 e5 2. Nf3 Nc6 3. Bb5 a6 4. Ba4 Nf6 5. 0-0 Be7 6. Re1 b5 7. Bb3 d6 8. c3 0-0 9. h3 Na5 10. Bc2 c5 11. d4 Qc7 12. Nbd2 Bd7 13. Nf1 Nc6 14. Ng3 cxd4 15. cxd4 Nxd4 16. Nxd4 exd4 17. Bf4 Be6 18. Rc1 Qa7 19. Bb1 Nd7 20. Ne2 Rac8 21. Nxd4 Rxc1 22. Bxc1 Ne5 23. Bf4 Bd7 24. b3 Rc8 25. Be3 Qc7 26. f4 Nc6 27. Qh5 Nxd4 28. Bxd4 Qd8 29. Rd1 g6 30. Qf3 Bc6 31. Qd3 Bb7 32. Kh1 Bf6 33. Bg1 Kg7 34. Kh2 Qe8 35. Bd4 Bxd4 36. Qxd4+ Kg8 37. Qxd6 Bxe4 38. Re1 Qc6 39. Qe5 Bxb1 40. Rxb1 Re8 41. Qd4 Qc2 42. Rb2 Qc1 43. Rd2 h5 44. f5 Qc7+ 45. Kg1 Qc1+ 46. Kf2 Qe1+ 47. Kf3 Qf1+ 48. Rf2 Qb1 49. fxg6 fxg6 50. Kg3 Qe4 51. Qxe4 Rxe4 52. Rf6 Kg7 53. Rxa6 Re3+ 54. Kf4 Re2 55. Kf3 Rb2 56. g4 h4 57. g5 Kf7 58. Rf6+ Kg7 59. Ra6 b4 60. Kg4 Rg2+ 61. Kxh4 Kf7 62. Rf6+ Kg7 63. Ra6 Kf7 64. Ra4 Kg7 65. Rxb4 Rxa2 66. Rb7+ Kg8 67. b4 Rb2 68. Kg4 Rb3 69. h4 Rb1 70. Kf4 Rh1 71. Ke5 Rxh4 72. Kf6 Rd4 73. Kxg6 Rd6+ 74. Kh5 Rc6 75. b5 Rd6 76. b6 Rc6 77. Kg4 Rd6 78. Kf5 Rc6 79. Ke5 Rg6 80. Kf5 Rc6 81. Kg4 Rc4+ 82. Kh5 Rc6 83. g6 Rc1 84. Rb8+ Kg7 85. Rb7+ Kg8 86. g7 Kh7 87. Kg5 Rc6 88. Kf5 Rc1 89. Ke5 Rf1 90. Kd5 Rd1+ 91. Kc6 Rc1+ 92. Kb5 Rb1+ 93. Kc6 Rc1+ 94. Kd7 Rb1 95. Kc8 Kg8 96. Kb8 Rb2 97. Ka8 Ra2+ 98. Ra7 Rb2 99. b7 1-0